[Event "Cairo Egyptian op"]
[Site "Cairo"]
[Date "2016.04.25"]
[Round "5"]
[White "Abou El Zein, Eid Mahmoud"]
[Black "Sobhy Abdel Ghany, Ahmed"]
[Result "1-0"]
[WhiteElo "2150"]
[BlackElo "1746"]
[PlyCount "47"]
[EventDate "2016.04.22"]
[EventType "swiss"]
[EventRounds "9"]
[EventCountry "EGY"]
[SourceTitle "CBM 172 Extra"]
[Source "ChessBase"]
[SourceDate "2016.06.21"]
[SourceVersion "1"]
[SourceVersionDate "2016.06.21"]
[SourceQuality "1"]

1. d4 Nf6 2. c4 e6 3. Nf3 d5 4. Nc3 Be7 5. Bg5 0-0 6. e3 Nbd7 7. Rc1 Ne4 8. Bxe7 Qxe7 9. cxd5 Nxc3 10. Rxc3 Nf6 11. dxe6 Bxe6 12. a3 Nd5 13. Rc1 f5 14. Bd3 f4 15. e4 Bf5 16. Ne5 Ne3 17. fxe3 Qh4+ 18. g3 fxg3 19. exf5 g2+ 20. Ke2 gxh1Q 21. Qxh1 Qe7 22. Qe4 c6 23. Bc4+ Kh8 24. Ng6+ 1-0

[Event "Cairo Egyptian op"]
[Site "Cairo"]
[Date "2016.04.24"]
[Round "4"]
[White "Sobhy Abdel Ghany, Ahmed"]
[Black "Salim Mohammed, Salim Al Amri"]
[Result "1-0"]
[WhiteElo "1746"]
[BlackElo "2038"]
[PlyCount "57"]
[EventDate "2016.04.22"]
[EventType "swiss"]
[EventRounds "9"]
[EventCountry "EGY"]
[SourceTitle "CBM 172 Extra"]
[Source "ChessBase"]
[SourceDate "2016.06.21"]
[SourceVersion "1"]
[SourceVersionDate "2016.06.21"]
[SourceQuality "1"]

1. d4 Nf6 2. Nf3 d6 3. c4 g6 4. Nc3 Bg7 5. e4 0-0 6. Be2 e5 7. d5 a5 8. 0-0 Na6 9. Bd3 Nh5 10. Bg5 f6 11. Be3 Qe8 12. Nh4 Nc5 13. Bc2 f5 14. exf5 gxf5 15. Bxc5 dxc5 16. Nb5 Qf7 17. Nxc7 Qxc7 18. Qxh5 Qd7 19. g4 e4 20. Nxf5 Rxf5 21. gxf5 Qxf5 22. Qxf5 Bxf5 23. Rfe1 Re8 24. f3 Bd4+ 25. Kh1 Bg6 26. fxe4 Re5 27. Rab1 Kf7 28. a3 Bf2 29. Rf1 1-0